Library statistics for the twenty-first century world proceedings of the conference held in Montreal on 18-19 August 2008 reporting on the global library statistics project /

Bibliographic Details
Corporate Author: ProQuest (Firm)
Other Authors: Heaney, Michael.
Format: Electronic eBook
Language:English
Published: Munchen : K G Saur, 2009.
Series:IFLA publications ; 138.
Subjects:
Online Access:Click to View
LEADER 01735nam a2200385Ia 4500
001 EBC453858
003 MiAaPQ
005 20200520144314.0
006 m o d |
007 cr cn|||||||||
008 090430s2009 gw a sb 100 0 eng d
020 |z 359822043X 
020 |z 9783598220432 
035 |a (MiAaPQ)EBC453858 
035 |a (Au-PeEL)EBL453858 
035 |a (CaPaEBR)ebr10314512 
035 |a (CaONFJC)MIL218814 
035 |a (OCoLC)495477002 
040 |a MiAaPQ  |c MiAaPQ  |d MiAaPQ 
050 4 |a Z669.8  |b .L53 2009 
245 0 0 |a Library statistics for the twenty-first century world  |h [electronic resource] :  |b proceedings of the conference held in Montreal on 18-19 August 2008 reporting on the global library statistics project /  |c edited by Michael Heaney. 
246 3 0 |a Library statistics for the 21st century world : proceedings of the conference held in Montreal on 18-19 August 2008 reporting on the global library statistics project 
260 |a Munchen :  |b K G Saur,  |c 2009. 
300 |a 302 p. :  |b ill. 
490 1 |a IFLA publications ;  |v 138 
500 |a Copyright held by International Federation of Library Associations and Institutions, The Hague, The Netherlands. 
504 |a Includes bibliographical references. 
533 |a Electronic reproduction. Ann Arbor, MI : ProQuest, 2015. Available via World Wide Web. Access may be limited to ProQuest affiliated libraries. 
650 0 |a Library statistics  |v Congresses. 
650 0 |a Library science  |v Congresses. 
655 4 |a Electronic books. 
700 1 |a Heaney, Michael. 
710 2 |a ProQuest (Firm) 
830 0 |a IFLA publications ;  |v 138. 
856 4 0 |u https://ebookcentral.proquest.com/lib/matrademy/detail.action?docID=453858  |z Click to View